000 00828cam a22002053a 4500
001 43945
003 PGUSA
005 20140828084012.0
008 131013s2013||||xxu|||||s|||||000 | eng d
040 _aPGUSA
_beng
042 _adc
100 1 _aMacGillivray, E. J.
245 1 2 _aA Treatise Upon the Law of Copyright in the United Kingdom and the Dominions of the Crown, ;
_band, in the United States of America Containing a full Appendix of all Acts of Parliament International Conventions, Orders in Council, Treasury Minute and Acts of Congress now in Force.
_h[electronic resource] /
_cE. J. MacGillivray
260 _bProject Gutenberg,
_c2013
506 _aPublic domain in the USA.
516 _aElectronic text
830 0 _aProject Gutenberg
_v43945
856 4 0 _uhttp://www.gutenberg.org/ebooks/43945
942 _cEB
999 _c273196
_d273196